000 00919nas a2200325 4500
001 BR0101872
003 BR-BrBNA
005 20231205102218.0
007 ta
008 230509b bl.|||p| |||| 00| 00por d
040 _aBR-BrBNA
_bpor
_cBiblioteca Nacional de Agricultura
041 _a(En)
072 _aQ03
100 1 _aLeite, R.M.G.
100 1 _aLeite, R.C.
100 1 _aLima, J.A.
100 1 _aFoscolo, C.B.
100 1 _aMota, P.M.P.C.
100 1 _aLobato, F.c.F.
100 1 _aLage, A.P.
245 1 _aHPLC identification of isoniazid residues in bovine milk
650 _aBovino
650 _aLeite
650 _aTuberculose
650 _aBactericida
650 _aResiduo
773 0 _tArquivo Brasileiro de Medicina Veterinaria e Zootecnia (Brazil)
_xISSN 0102-0935
_g(Dec 2000), v. 52(6) p. 662-668
_wBR0101872
909 _a202311
_bLúcia
_c55
_dLúcia Elande
942 _2AGRIS
_n0
_cANA
999 _c166329
_d166329